Quizzes
Events
Quiz Creation
Community
Videos
Private Events
Remove Ads
Sign In
Join for FREE
Feedback
Dark Mode
Quiz Categories
Sports
Geography
Music
Movies
Television
Just For Fun
Miscellaneous
History
Literature
Language
Science
Gaming
Entertainment
Religion
Holiday
For Kids
Quiz Lab
Recent
Popular Today
Quiz Kudos Today
Editor Picks
Curator Picks
Quizzes by...
Day
Popularity
Type
Ratings
Length
Year
Community
Subscriptions
Recent Discussions
Orange Saloon
Badges
Playlists
Quests
Create
Leaderboards
Showdown
Live 5
Trivia Bingo
Activity
Puzzle Library
Sporcle Events
Private Events
Virtual Trivia
Globe League
Become a Host
Pub Owners
SporcleCon
Opinionation
Our Games
Videos
Blog
Mobile Apps
Partnerships
Remove Ads and Go Orange
Feedback
Geography
Country
Landmarks
City
State
Population
World
Capital
Continent
Flags
Europe
Africa
Asia
South America
North America
Oceania
Border
Canada
United Kingdom
Topography
United States
Geography
Country
Landmarks
City
State
Population
World
Capital
Continent
Flags
Europe
Africa
Asia
South America
North America
Oceania
Border
Canada
United Kingdom
Topography
United States
Random Quiz
Search Sporcle
×
Quiz Lab
Quiz Lab
Geography
Unified
Type in answers that appear in a list
Type in answers that appear in a list
Classic
Best Score? Go Orange.
Los Angeles High Schools Stats
Can you name the Public High Schools in the Los Angeles Unified School District?
By
herrod54
9m
53 Questions
274 Plays
274 Plays
274 Plays
Comments
Comments
Give Quiz Kudos
Give Quiz Kudos
-
- Ratings
hide this ad
Random Order
Randomize order of answers
Randomize order of answers
Replay
Link that replays current quiz
Next Quiz
Link to next quiz in quiz playlist
You Got
0%
They Got
Avg Score
42%
Avg Friend Score
Upgrade to see
Score Distribution
Jump to the score distribution portion of the page
Score
0/53
Timer
09:00
0
Plays Today
High School
% Correct
North Hollywood
69.6%
Los Angeles
68.1%
Hollywood
65.6%
Venice
60.1%
Washington
59%
Jefferson
58.6%
Roosevelt
58.2%
Crenshaw
57.5%
Lincoln
57.1%
Taft
56.8%
Fairfax
52.4%
Kennedy
51.3%
Monroe
49.5%
Garfield
49.1%
Hamilton
48.7%
Van Nuys
48%
Susan Miller Dorsey
47.3%
University
46.9%
Granada Hills
46.2%
Grant
46.2%
San Pedro
45.4%
Cleveland
43.6%
West Adams
43.6%
Chatsworth
42.5%
San Fernando
42.5%
Birmingham
41.8%
Carson
41.8%
High School
% Correct
Canoga Park
41.4%
South East
41%
Reseda
40.7%
El Camino Real
40.3%
Westchester
39.6%
Banning
38.5%
Franklin
38.5%
Bell
37.7%
Wilson
37.4%
John Marshall
36.3%
Verdugo Hills
35.5%
Belmont
34.4%
Sylmar
34.1%
John C. Fremont
33%
Manual Arts
31.1%
Narbonne
31.1%
Locke
30.8%
South Gate
30.8%
Gardena
30.4%
Palisades Charter
29.7%
Panorama
28.9%
Arleta
27.8%
East Valley
26.4%
Huntington Park
25.3%
Jordan
24.2%
Helen Bernstein
20.5%
Quiz Playlist
Details
Report
Send in Message
Add To Playlist
Classic:
Type in answers that appear in a list
Random Order:
Randomize order of answers
Last Updated: Feb 16, 2017
Quiz Scoreboard
CHALLENGE
Sign Up to Join the Scoreboard
Show All
Scores
Hide
Comments
May contain spoilers
Recently Published
Presidents Visiting Landmarks
by Hejman
History
7m
An Introduction to Baseball
by treessimontrees
Sports
5m
Movies - When Are They Set?
by FPL_Elf
Movies
5m
More to Explore
Quiz From the Vault
Featured Blog Post
Where Did the Easter Bunny Come From?
hide this ad
You Might Also Like...
Tags
angel
district
Los Angeles
mascot
public
school
Unified
Today's Top Quizzes in Geography
Browse Geography
hide this ad
Top Contributed Quizzes in Geography
1
Countries of the World - No Outlines Minefield
2
Top 25 Cities of France on a map
3
Any capital of a 'B' country per Continent
4
Closest Countries to UK A-Z
5
One Thing in Common: United Kingdom
6
Any capital of a 'C' country per Continent
7
Find the Provinces of Canada - No Outlines Minefield
8
Any capital of a 'D' country per Continent
9
Find the US States - No Outlines
10
Blind Secret Country CLXXXVIII
Explore More
Trending Topics
Disney
NBA
Anime
Marvel
Kpop
Crossword
Harry Potter
Puzzle
WWE
Country
NFL
Pokémon
Song
The Office
Soccer
hide this ad
More By:
herrod54
Quiz
Plays
Rating
Category
Featured
Created
NFC West Rushers
3,512
4.06
Sports
Feb 27, 2011
30+ HR Boston Red Sox
3,251
3.79
Sports
Jun 12, 2010
Cy Young votes, 2000-2009
3,092
3.77
Sports
Aug 7, 2010
NFC East Quarterbacks
2,989
4.55
Sports
Jul 2, 2010
2000's New York Yankees
2,737
3.64
Sports
Dec 7, 2009
Go to Creator's Profile
Score Distribution
Quiz Creator Spotlight
herrod54
Follow
Send a Message
Quizzes Created
-
Created Quiz Play Count
-
More By This Creator
Popular Quizzes Today
1
Find the US States - No Outlines Minefield
2
Find the Countries of Europe - No Outlines Minefield
3
The Countries of the World
4
Popular People in 1961
5
Find the US States
6
US States
7
Risky Map Clicking: Biggest States A-Z
8
1-10 Letter E Words III
More Geography Quizzes
Anything but Bahrain
Quiz Lab
Trending Quizzes
Risky Map Clicking: Least Populous States A-Z
1-10 Letter G Words
1-10 Letter F Words
One Thing in Common: United Kingdom
Risky Map Clicking: Next State Alphabetically
Recently Updated
Leaping Animals
pecheneg
Reality TV Shows (A-Z)
bhenderson79
Rickey Henderson's Hall of Fame Teammates
pecheneg
Champions League XIs: Arsenal
pecheneg
Quick Pick: Celebrities in WWE's Hall of Fame
aduchscher
A-Z Keypad Blitz II
pecheneg
Multiple Oscar Actors
pecheneg
Mystery Phrase Blitz: Oscar 'Best Actors'
pecheneg
F. Scott Fitzgerald Novels
LTH
Pick 3 Villains
ddd62291
Trending Topics
Disney
Harry Potter
Crossword
NBA
Marvel
Anime
Kpop
NFL
Country
WWE
The Office
Pokémon
Soccer
Puzzle
Song
Your Account Isn't Verified!
In order to create a playlist on Sporcle, you need to verify the email address you used during registration. Go to your
Sporcle Settings
to finish the process.
Report this User
Report this user for behavior that violates our
Community Guidelines
.
Details:
Send Report
Go to the Sporcle.com Mobile Site →
Comments